00285nam a22001337a 4500003000400000005001700004008004100021020001500062040000700077100001800084245002300102260001800125300000800143OSt20211025095232.0211025b |||||||| |||| 00| 0 eng d a0198297920 chu athe herbbert  agender and society aasfricabhall a205